[Event "FRA-ch U12/16 Girls"]
[Site "Agen"]
[Date "2023.04.23"]
[Round "1"]
[White "Beil, Romane"]
[Black "Grimault, Leane"]
[Result "0-1"]
[WhiteElo "1299"]
[BlackElo "1817"]
[PlyCount "54"]
[EventDate "2023.04.23"]
[EventType "swiss"]
[EventRounds "9"]
[EventCountry "FRA"]
[SourceTitle "CBM 214 Extra"]
[Source "ChessBase"]
[SourceDate "2023.07.31"]
[SourceVersion "1"]
[SourceVersionDate "2023.07.31"]
[SourceQuality "1"]

1. e4 d5 2. exd5 Qxd5 3. Nc3 Qa5 4. d4 Nf6 5. h3 Bf5 6. Nf3 Nc6 7. Bc4 e6 8. 0-0 0-0-0 9. Be3 h6 10. Qc1 Ne4 11. Ne2 g5 12. Nd2 Nd6 13. Bb3 Be7 14. Nc4 Nxc4 15. Bxc4 g4 16. hxg4 Bxg4 17. g3 Bf3 18. Nf4 Nxd4 19. Bxd4 Rxd4 20. Bd3 Rxf4 21. Qxf4 Qh5 22. Qxf3 Qxf3 23. Kh2 h5 24. Rg1 h4 25. g4 Bd6+ 26. Rg3 hxg3+ 27. Kg1 Rh5 0-1

[Event "EU-ch U16 Girls 30th"]
[Site "Antalya"]
[Date "2022.11.08"]
[Round "3"]
[White "Ermemis, Zehra Ece"]
[Black "Grimault, Leane"]
[Result "0-1"]
[WhiteElo "1233"]
[BlackElo "1754"]
[PlyCount "78"]
[EventDate "2022.11.06"]
[EventType "swiss"]
[EventRounds "9"]
[EventCountry "TUR"]
[SourceTitle "EXT 2024"]
[Source "ChessBase"]
[SourceDate "2023.10.10"]
[SourceVersion "1"]
[SourceVersionDate "2023.10.10"]
[SourceQuality "1"]

1. e4 d5 2. exd5 Qxd5 3. Nc3 Qa5 4. g3 Nf6 5. Bg2 Bg4 6. Nge2 Nc6 7. b4 Nxb4 8. Bxb7 Rd8 9. Bg2 e5 10. 0-0 Be7 11. d3 0-0 12. h3 Be6 13. Bd2 Qa6 14. a4 c6 15. g4 Nfd5 16. Ng3 Qc8 17. Nce4 c5 18. Be3 Nxe3 19. fxe3 c4 20. d4 c3 21. Ne2 Nd5 22. Qd3 Bb4 23. Ng5 g6 24. Nxe6 Qxe6 25. e4 Ne7 26. d5 Qb6+ 27. Kh1 Qc7 28. Rf6 Kg7 29. Raf1 Nc8 30. Rc6 Qxc6 31. dxc6 Rxd3 32. cxd3 Nb6 33. Rc1 Nxa4 34. Ra1 Nb2 35. Rxa7 Nxd3 36. Nxc3 Bxc3 37. Ra3 Nf2+ 38. Kh2 Bd4 39. Ra2 Rc8 0-1

[Event "Trophee Roza Lallemand Online"]
[Site "Tornelo INT"]
[Date "2020.12.13"]
[Round "4"]
[White "Grimault, Leane"]
[Black "Milliet, Sophie"]
[Result "0-1"]
[WhiteElo "1626"]
[BlackElo "2397"]
[PlyCount "100"]
[EventDate "2020.12.13"]
[EventType "swiss (rapid)"]
[EventRounds "9"]
[EventCountry "USA"]
[SourceTitle "EXT 2022"]
[Source "ChessBase"]
[SourceDate "2021.10.06"]
[SourceVersion "1"]
[SourceVersionDate "2021.10.06"]
[SourceQuality "1"]

1. c4 e5 2. Nc3 Bb4 3. Nd5 Na6 4. a3 Ba5 5. b4 c6 6. Nc3 Bc7 7. d3 d5 8. Nf3 d4 9. Ne4 f5 10. Ng3 Nf6 11. e3 c5 12. b5 Nb8 13. Be2 0-0 14. 0-0 a6 15. a4 axb5 16. cxb5 h6 17. Qb3+ Qd5 18. Bd1 Be6 19. Qxd5 Nxd5 20. Bb3 Nd7 21. e4 fxe4 22. dxe4 Nf4 23. Bxe6+ Nxe6 24. Nf5 Rfe8 25. Bd2 c4 26. Bb4 Nec5 27. a5 Nb3 28. Ra2 Bxa5 29. Ne7+ Kf7 30. Nd5 Bxb4 31. Rxa8 Rxa8 32. Nxb4 c3 33. Ne1 Ndc5 34. Ned3 Nxd3 35. Nxd3 Ke6 36. Nb4 Ra1 37. Rxa1 Nxa1 38. Nd3 Nb3 39. Nb4 d3 40. Nxd3 c2 41. Kf1 c1Q+ 42. Nxc1 Nxc1 43. Ke1 Nb3 44. Kd1 Nd4 45. b6 Kd6 46. Kd2 Kc6 47. Ke3 Kxb6 48. f4 Kc5 49. fxe5 b5 50. Kd3 b4 0-1

[Event "FRA-ch Blitz Online Qual"]
[Site "Europe Echecs INT"]
[Date "2020.05.16"]
[Round "4"]
[White "Grimault, Leane"]
[Black "Paralieu, Maxime"]
[Result "0-1"]
[WhiteElo "1622"]
[BlackElo "1569"]
[PlyCount "78"]
[EventDate "2020.05.16"]
[EventType "swiss (blitz)"]
[EventRounds "15"]
[EventCountry "FRA"]
[SourceTitle "CBM 196 Extra"]
[Source "ChessBase"]
[SourceDate "2020.07.31"]
[SourceVersion "1"]
[SourceVersionDate "2020.07.31"]
[SourceQuality "1"]

1. c4 e5 2. Nc3 Nf6 3. Nf3 Nc6 4. e4 g6 5. d4 exd4 6. Nxd4 Bg7 7. Nxc6 bxc6 8. g3 0-0 9. Bg2 d6 10. 0-0 Be6 11. b3 Qd7 12. Bb2 Rab8 13. Re1 Bxc4 14. bxc4 Rxb2 15. e5 dxe5 16. Rxe5 Qxd1+ 17. Rxd1 Ng4 18. Na4 Bxe5 19. Nxb2 Bxb2 20. Bxc6 Ba3 21. Rd7 Bc5 22. Rxc7 Nxf2 23. Kg2 Bb6 24. Rb7 Nd3 25. Bd5 Nc5 26. Re7 Kg7 27. Kf3 Kf6 28. Re4 Nxe4 29. Bxe4 Rd8 30. Bd5 Re8 31. Be4 Ke5 32. Bd5 f5 33. Bc6 Re7 34. Bd5 Kd4 35. h3 Kc3 36. g4 Re3+ 37. Kg2 fxg4 38. hxg4 Kb2 39. Kh2 Bc7+ 0-1

[Event "Santa Eugenia op 14th"]
[Site "Girona"]
[Date "2019.07.29"]
[Round "1"]
[White "Grimault, Leane"]
[Black "Colls Gelaberto, Emilio"]
[Result "0-1"]
[WhiteElo "1535"]
[BlackElo "2102"]
[PlyCount "118"]
[EventDate "2019.07.29"]
[EventType "swiss"]
[EventRounds "9"]
[EventCountry "ESP"]
[SourceTitle "EXT 2020"]
[Source "ChessBase"]
[SourceDate "2019.10.17"]
[SourceVersion "1"]
[SourceVersionDate "2019.10.17"]
[SourceQuality "1"]

1. c4 Nf6 2. g3 c5 3. Bg2 d5 4. cxd5 Nxd5 5. Nc3 Nc7 6. Nf3 Nc6 7. 0-0 e5 8. d3 Be7 9. b3 0-0 10. Bb2 Be6 11. Rc1 f6 12. Ne4 b6 13. h4 Qd7 14. Kh2 Rac8 15. Qc2 Rfd8 16. a3 Nb5 17. Nfd2 Bf8 18. Nc4 Qf7 19. a4 Nbd4 20. Qd1 h6 21. e3 Nf5 22. Qe2 Nb4 23. Rfd1 Rc7 24. Rd2 Rcd7 25. Rcd1 Ne7 26. d4 cxd4 27. exd4 exd4 28. Rxd4 Nec6 29. Ned6 Nxd4 30. Nxf7 Nxe2 31. Nxd8 Rxd1 32. Nxe6 Nd3 33. Nxf8 Nxb2 34. Nxb2 Rb1 35. Ng6 Nc3 36. Nc4 Rxb3 37. Nd6 Rb4 38. Bc6 Rd4 39. Nf5 Rd2 40. Kg2 Kf7 41. Nh8+ Kg8 42. Ng6 a6 43. Be8 Re2 44. Nfe7+ Rxe7 45. Nxe7+ Kf8 46. Nf5 Kxe8 47. Nxg7+ Kf7 48. Nf5 h5 49. f3 Nxa4 50. g4 hxg4 51. fxg4 b5 52. h5 b4 53. h6 Kg6 54. Nd4 Nc5 55. Nc2 b3 56. Na3 b2 57. Kf3 Kxh6 58. Kf4 Kg6 59. Kg3 Ne4+ 0-1

[Event "FRA-ch U12 Girls"]
[Site "Hyeres"]
[Date "2019.04.20"]
[Round "8"]
[White "Grimault, Leane"]
[Black "Bousmaha, Leila"]
[Result "1-0"]
[WhiteElo "1421"]
[BlackElo "1616"]
[PlyCount "105"]
[EventDate "2019.04.14"]
[EventType "swiss"]
[EventRounds "9"]
[EventCountry "FRA"]
[SourceTitle "CBM 190 Extra"]
[Source "ChessBase"]
[SourceDate "2019.07.15"]
[SourceVersion "1"]
[SourceVersionDate "2019.07.15"]
[SourceQuality "1"]

1. Nf3 d5 2. c4 c6 3. d4 Bf5 4. Qb3 Nf6 5. Qxb7 Nbd7 6. Nc3 e6 7. e3 Qc8 8. Qxc8+ Rxc8 9. b3 Be7 10. Bb2 c5 11. cxd5 exd5 12. dxc5 Bxc5 13. Nd4 Bg6 14. Ba6 Rb8 15. Bb5 0-0 16. Bxd7 Nxd7 17. Nxd5 Be4 18. Nf4 Bb4+ 19. Ke2 Bd6 20. f3 Bb7 21. Nd3 Ba6 22. Kd2 Rfd8 23. Nc6 Nc5 24. Nxb8 Nxd3 25. Nxa6 Nxb2 26. Ke2 Ba3 27. e4 h6 28. Rab1 Rd6 29. Nc7 Nd3 30. Rhd1 Nf4+ 31. Kf1 Rb6 32. Nd5 Nxd5 33. exd5 Kf8 34. Ke2 Ke7 35. Rd4 Bc5 36. Rc4 Bd6 37. Rbc1 Rb5 38. Rd1 f5 39. g3 g5 40. Rc6 a5 41. Ra6 Rc5 42. Ra7+ Kf6 43. Ke3 Rb5 44. Rd7 f4+ 45. Ke2 Ke5 46. gxf4+ gxf4 47. Kf1 a4 48. Re1+ Kxd5 49. Rd1+ Ke5 50. R7xd6 a3 51. Rxh6 Rb8 52. h4 Rc8 53. Ra6 1-0